000
00307nam a22001457a 4500
008
230515b ||||| |||| 00| 0 eng d
020
_a
0826147518
041
_a
eng
080
_a
34
082
_a
34EDM
100
_a
30
101
_a
JURE
245
_a
VICTIM ASSISTANCE
_c
EDMUNDS.CH
942
_2
udc
_c
BK
999
_c
59708
_d
59708